000 00435nmm a2200157Ia 4500
008 251105s9999||||xx |||||||||||||||||und||
020 _a9789580613015
041 _aspa
100 _aRodríguez Reyes, Patricia
245 0 _aCaricias violentas (Él)
264 _a[Bogotá, Colombia] :
_bOveja Negra,
_c2015
300 _a64 páginas
650 _aRomance
856 _uhttps://public.digitaliapublishing.com/a/37771
942 _cCF
999 _c94946
_d94946